[Event "Blitz 2018"]
[Site "Saint-Petersburg"]
[Date "2018.12.29"]
[Round "8"]
[Board "92"]
[White "Belyakov Bogdan (RUS)"]
[Black "Mamatov Melis (KGZ)"]
[Result "1-0"]
[BlackElo "2213"]
[WhiteElo "2448"]
[LiveChessVersion "1.4.8"]

1. e4 c5 2. c3 {[%clk 0:03:03]} b6 {[%clk 0:02:55]} 3. d4 {[%clk 0:03:02]} Bb7
{[%clk 0:02:53]} 4. Nd2 {[%clk 0:03:00]} e6 {[%clk 0:02:52]} 5. Ngf3
{[%clk 0:02:59]} Be7 {[%clk 0:02:48]} 6. Bd3 {[%clk 0:02:58]} d6 {[%clk 0:02:47]}
7. O-O {[%clk 0:02:57]} Nd7 {[%clk 0:02:48]} 8. Re1 {[%clk 0:02:57]} e5
{[%clk 0:02:46]} 9. d5 {[%clk 0:02:53]} Ngf6 {[%clk 0:02:34]} 10. Nf1
{[%clk 0:02:53]} O-O {[%clk 0:02:24]} 11. Ng3 {[%clk 0:02:49]} a6
{[%clk 0:02:25]} 12. a4 {[%clk 0:02:49]} Qc7 {[%clk 0:02:12]} 13. Nf5
{[%clk 0:02:47]} Rfe8 {[%clk 0:02:11]} 14. Nxe7+ Rxe7 15. Qe2 {[%clk 0:02:43]}
Ree8 {[%clk 0:02:09]} 16. Nh4 {[%clk 0:02:44]} Nf8 {[%clk 0:02:05]} 17. c4
{[%clk 0:02:42]} a5 {[%clk 0:01:59]} 18. Bg5 {[%clk 0:02:39]} N6d7
{[%clk 0:01:45]} 19. Nf5 {[%clk 0:02:38]} f6 {[%clk 0:01:40]} 20. Bd2
{[%clk 0:02:38]} Bc8 {[%clk 0:01:26]} 21. Qg4 {[%clk 0:02:37]} Ng6
{[%clk 0:01:14]} 22. Re3 {[%clk 0:02:35]} Ndf8 {[%clk 0:01:08]} 23. Rg3
{[%clk 0:02:30]} Ra7 {[%clk 0:01:00]} 24. h4 {[%clk 0:02:16]} Bxf5
{[%clk 0:00:51]} 25. exf5 {[%clk 0:02:13]} e4 {[%clk 0:00:32]} 26. fxg6
{[%clk 0:02:06]} exd3 {[%clk 0:00:32]} 27. gxh7+ {[%clk 0:02:05]} Nxh7
{[%clk 0:00:24]} 28. Rxd3 {[%clk 0:02:05]} Qf7 {[%clk 0:00:15]} 29. Re3
{[%clk 0:01:54]} Rae7 {[%clk 0:00:08]} 30. Rxe7 {[%clk 0:01:54]} Rxe7
{[%clk 0:00:08]} 31. Qg3 {[%clk 0:01:54]} Re8 {[%clk 0:00:00]} 1-0

[Event "Blitz 2018"]
[Site "Saint-Petersburg"]
[Date "2018.12.29"]
[Round "8"]
[Board "93"]
[White "Shinkevich Vitaly (RUS)"]
[Black "Dubrovin Robert (EST)"]
[Result "1-0"]
[BlackElo "2176"]
[WhiteElo "2445"]
[LiveChessVersion "1.4.8"]

1. d4 {[%clk 0:03:02]} Nf6 {[%clk 0:03:04]} 2. Nf3 g6 3. c4 {[%clk 0:03:04]} Bg7
{[%clk 0:03:07]} 4. g3 {[%clk 0:03:05]} O-O {[%clk 0:03:08]} 5. Bg2
{[%clk 0:03:05]} d6 {[%clk 0:03:10]} 6. Nc3 Nbd7 7. O-O {[%clk 0:03:07]} e5
{[%clk 0:03:13]} 8. e4 {[%clk 0:03:08]} exd4 {[%clk 0:03:13]} 9. Nxd4
{[%clk 0:03:09]} Nc5 {[%clk 0:03:15]} 10. h3 {[%clk 0:03:09]} Re8
{[%clk 0:03:15]} 11. Re1 c6 12. Rb1 a5 13. b3 {[%clk 0:03:07]} Qb6
{[%clk 0:03:16]} 14. Be3 {[%clk 0:02:59]} Nfd7 {[%clk 0:03:16]} 15. a3
{[%clk 0:02:55]} Qc7 {[%clk 0:02:14]} 16. f4 {[%clk 0:02:48]} Nf6
{[%clk 0:02:10]} 17. Bf2 {[%clk 0:02:47]} Bd7 {[%clk 0:01:45]} 18. Qc2
{[%clk 0:02:41]} h5 {[%clk 0:01:45]} 19. b4 {[%clk 0:02:35]} axb4 20. axb4
{[%clk 0:02:36]} Ne6 {[%clk 0:01:42]} 21. Nf3 {[%clk 0:02:37]} Ra3
{[%clk 0:01:27]} 22. e5 {[%clk 0:02:33]} Nh7 {[%clk 0:01:21]} 23. Rbd1
{[%clk 0:02:26]} dxe5 {[%clk 0:01:19]} 24. Nxe5 {[%clk 0:02:27]} Bc8
{[%clk 0:01:21]} 25. Qb2 {[%clk 0:02:25]} Ra8 {[%clk 0:01:16]} 26. Ne4
{[%clk 0:02:24]} h4 {[%clk 0:01:15]} 27. Nd6 {[%clk 0:02:22]} Rf8
{[%clk 0:01:15]} 28. c5 {[%clk 0:02:21]} hxg3 {[%clk 0:01:13]} 29. Bxg3
{[%clk 0:02:22]} Nf6 {[%clk 0:01:12]} 30. Bh2 {[%clk 0:02:22]} Nh5
{[%clk 0:01:08]} 31. Qf2 {[%clk 0:02:05]} Ra3 {[%clk 0:01:05]} 32. f5
{[%clk 0:02:05]} Ng5 {[%clk 0:01:03]} 33. Nxc8 {[%clk 0:01:56]} Qxc8
{[%clk 0:01:03]} 34. Nd7 {[%clk 0:00:56]} Rd8 {[%clk 0:00:59]} 35. Re7
{[%clk 0:00:53]} Bf8 {[%clk 0:00:55]} 36. f6 {[%clk 0:00:36]} Bxe7
{[%clk 0:00:50]} 37. fxe7 {[%clk 0:00:37]} Rxd7 {[%clk 0:00:51]} 38. Bd6
{[%clk 0:00:30]} Nxh3+ {[%clk 0:00:46]} 39. Bxh3 {[%clk 0:00:31]} Rxh3
{[%clk 0:00:48]} 40. Re1 {[%clk 0:00:20]} Qe8 {[%clk 0:00:42]} 41. Qg2
{[%clk 0:00:15]} Rh4 {[%clk 0:00:27]} 42. Qg5 {[%clk 0:00:10]} Rxb4
{[%clk 0:00:22]} 43. Qh6 {[%clk 0:00:11]} Ng7 {[%clk 0:00:21]} 44. Kf2
{[%clk 0:00:08]} Rxd6 {[%clk 0:00:18]} 45. cxd6 {[%clk 0:00:09]} Qd7
{[%clk 0:00:19]} 46. Qg5 {[%clk 0:00:03]} Rb2+ {[%clk 0:00:17]} 47. Kg1
{[%clk 0:00:03]} Ne8 {[%clk 0:00:08]} 48. Qf4 {[%clk 0:00:00]} 1-0

[Event "Blitz 2018"]
[Site "Saint-Petersburg"]
[Date "2018.12.29"]
[Round "8"]
[Board "94"]
[White "Guimaraes Diogo Duarte (BRA)"]
[Black "Borisenko Viacheslav (UKR)"]
[Result "1-0"]
[BlackElo "2444"]
[WhiteElo "2228"]
[LiveChessVersion "1.4.8"]

1. e4 {[%clk 0:01:08]} c5 {[%clk 0:03:03]} 2. Nf3 e6 3. g3 {[%clk 0:01:09]} a6
{[%clk 0:03:03]} 4. a4 {[%clk 0:01:09]} b6 {[%clk 0:03:04]} 5. d3
{[%clk 0:01:09]} Bb7 {[%clk 0:03:06]} 6. Bg2 {[%clk 0:01:10]} d5 {[%clk 0:03:06]}
7. exd5 {[%clk 0:01:08]} exd5 {[%clk 0:03:07]} 8. d4 {[%clk 0:01:06]} Nf6
{[%clk 0:03:02]} 9. O-O {[%clk 0:01:06]} Be7 {[%clk 0:03:03]} 10. Nc3
{[%clk 0:00:53]} O-O {[%clk 0:03:03]} 11. Re1 {[%clk 0:00:52]} Ne4
{[%clk 0:03:04]} 12. Nxe4 {[%clk 0:00:36]} dxe4 {[%clk 0:03:05]} 13. Nd2
{[%clk 0:00:37]} f5 {[%clk 0:03:01]} 14. dxc5 {[%clk 0:00:34]} bxc5
{[%clk 0:02:56]} 15. Nc4 {[%clk 0:00:34]} Nc6 {[%clk 0:02:55]} 16. c3
{[%clk 0:00:34]} Kh8 17. a5 Qe8 {[%clk 0:02:28]} 18. Qb3 {[%clk 0:00:33]} Bc8
{[%clk 0:02:21]} 19. Nb6 {[%clk 0:00:25]} Rb8 {[%clk 0:02:17]} 20. Qd5
{[%clk 0:00:22]} Bb7 {[%clk 0:02:06]} 21. Bf4 {[%clk 0:00:21]} Rd8
{[%clk 0:02:01]} 22. Qb3 {[%clk 0:00:23]} g5 {[%clk 0:01:42]} 23. Bc7
{[%clk 0:00:24]} Rd3 {[%clk 0:01:29]} 24. Bf1 {[%clk 0:00:25]} Rd2
{[%clk 0:01:29]} 25. Nc4 {[%clk 0:00:24]} Qc8 {[%clk 0:01:14]} 26. Nxd2 Qxc7 27.
Nc4 {[%clk 0:00:19]} Bf6 {[%clk 0:00:59]} 28. Qb6 {[%clk 0:00:20]} Qe7
{[%clk 0:00:49]} 29. Rad1 {[%clk 0:00:20]} Rb8 {[%clk 0:00:29]} 30. Rd6
{[%clk 0:00:15]} Ba8 {[%clk 0:00:19]} 31. Qxa6 {[%clk 0:00:15]} Bb7
{[%clk 0:00:19]} 32. Qb5 {[%clk 0:00:12]} Ba8 {[%clk 0:00:12]} 33. Qxc5
{[%clk 0:00:13]} Rc8 {[%clk 0:00:13]} 34. Red1 {[%clk 0:00:13]} Bg7
{[%clk 0:00:05]} 35. Nb6 {[%clk 0:00:14]} Na7 {[%clk 0:00:04]} 36. Nxc8
{[%clk 0:00:10]} Qb7 {[%clk 0:00:03]} 37. Rd8+ {[%clk 0:00:09]} 1-0

[Event "Blitz 2018"]
[Site "Saint-Petersburg"]
[Date "2018.12.29"]
[Round "8"]
[Board "95"]
[White "Apryshko Gleb (RUS)"]
[Black "Alsulaymi Abdullah M (KSA)"]
[Result "1-0"]
[BlackElo "1833"]
[WhiteElo "2416"]
[LiveChessVersion "1.4.8"]

1. e4 {[%clk 0:01:32]} e5 {[%clk 0:03:02]} 2. Nf3 {[%clk 0:01:33]} Nf6 3. Nc3 Nc6
4. a3 Bc5 {[%clk 0:02:57]} 5. Nxe5 {[%clk 0:01:37]} d6 {[%clk 0:02:54]} 6. Nxc6
{[%clk 0:01:35]} bxc6 {[%clk 0:02:54]} 7. d4 {[%clk 0:01:36]} Bb6
{[%clk 0:02:53]} 8. Be2 {[%clk 0:01:21]} O-O {[%clk 0:02:52]} 9. O-O
{[%clk 0:01:22]} Re8 {[%clk 0:02:52]} 10. Bf3 {[%clk 0:01:22]} a5
{[%clk 0:02:38]} 11. e5 {[%clk 0:01:14]} dxe5 {[%clk 0:02:37]} 12. dxe5
{[%clk 0:01:16]} Qxd1 {[%clk 0:02:30]} 13. Nxd1 {[%clk 0:00:57]} Rxe5
{[%clk 0:02:27]} 14. Bxc6 {[%clk 0:00:57]} Rb8 {[%clk 0:02:24]} 15. Ne3
{[%clk 0:00:41]} h6 {[%clk 0:02:16]} 16. Bf3 {[%clk 0:00:26]} a4 {[%clk 0:01:54]}
17. Nc4 {[%clk 0:00:19]} Rc5 {[%clk 0:01:35]} 18. Nxb6 {[%clk 0:00:19]} cxb6
{[%clk 0:01:34]} 19. Bf4 {[%clk 0:00:18]} Nd7 {[%clk 0:01:18]} 20. Bxb8
{[%clk 0:00:13]} Nxb8 {[%clk 0:01:19]} 21. c3 {[%clk 0:00:14]} Be6
{[%clk 0:01:15]} 22. Rad1 {[%clk 0:00:15]} Nd7 {[%clk 0:01:10]} 23. Rd4
{[%clk 0:00:17]} b5 {[%clk 0:00:48]} 24. Rfd1 {[%clk 0:00:15]} Re5
{[%clk 0:00:37]} 25. h4 {[%clk 0:00:09]} Nf6 {[%clk 0:00:33]} 26. g3
{[%clk 0:00:06]} Bb3 {[%clk 0:00:32]} 27. R1d2 {[%clk 0:00:05]} Re1+
{[%clk 0:00:32]} 28. Kg2 {[%clk 0:00:06]} Bc4 {[%clk 0:00:29]} 29. Bc6
{[%clk 0:00:06]} Bf1+ 30. Kf3 Bc4 {[%clk 0:00:22]} 31. Rxc4 {[%clk 0:00:05]} bxc4
{[%clk 0:00:22]} 32. Bxa4 {[%clk 0:00:06]} Ne4 {[%clk 0:00:17]} 33. Re2
{[%clk 0:00:04]} Rxe2 {[%clk 0:03:02]} 34. Kxe2 {[%clk 0:00:06]} 1-0

[Event "Blitz 2018"]
[Site "Saint-Petersburg"]
[Date "2018.12.29"]
[Round "8"]
[Board "96"]
[White "Sokolov Andrei (LAT)"]
[Black "Baron Tal (ISR)"]
[Result "0-1"]
[BlackElo "2421"]
[WhiteElo "2507"]
[LiveChessVersion "1.4.8"]

1. c4 {[%clk 0:03:03]} c5 {[%clk 0:03:03]} 2. Nf3 {[%clk 0:03:04]} Nf6
{[%clk 0:03:04]} 3. g3 {[%clk 0:03:05]} d5 {[%clk 0:03:05]} 4. cxd5
{[%clk 0:03:06]} Nxd5 {[%clk 0:03:06]} 5. Bg2 {[%clk 0:03:07]} Nc6
{[%clk 0:03:07]} 6. O-O {[%clk 0:03:05]} e5 {[%clk 0:03:09]} 7. Nc3
{[%clk 0:03:06]} Be6 {[%clk 0:03:10]} 8. d3 {[%clk 0:02:56]} Be7 {[%clk 0:03:11]}
9. Nxd5 {[%clk 0:02:41]} Bxd5 {[%clk 0:03:12]} 10. a4 {[%clk 0:02:40]} O-O
{[%clk 0:03:12]} 11. Nd2 {[%clk 0:02:41]} Bxg2 {[%clk 0:02:57]} 12. Kxg2
{[%clk 0:02:42]} Qd5+ {[%clk 0:02:51]} 13. Kg1 {[%clk 0:02:39]} b6
{[%clk 0:02:38]} 14. Nc4 {[%clk 0:02:22]} Rad8 {[%clk 0:02:38]} 15. Ne3
{[%clk 0:01:44]} Qe6 {[%clk 0:02:34]} 16. f3 {[%clk 0:01:22]} f5 {[%clk 0:02:28]}
17. Nc4 {[%clk 0:01:07]} e4 {[%clk 0:02:26]} 18. Be3 {[%clk 0:00:52]} Bf6
{[%clk 0:02:17]} 19. Ra3 {[%clk 0:00:34]} exf3 {[%clk 0:02:11]} 20. exf3
{[%clk 0:00:30]} Bxb2 {[%clk 0:01:53]} 21. Rb3 {[%clk 0:00:26]} Bd4
{[%clk 0:01:42]} 22. Re1 {[%clk 0:00:22]} Bxe3+ {[%clk 0:01:38]} 23. Nxe3
{[%clk 0:00:21]} Nd4 {[%clk 0:01:38]} 24. Rc3 {[%clk 0:00:17]} f4
{[%clk 0:01:36]} 25. Ng2 {[%clk 0:00:15]} Qf6 {[%clk 0:01:25]} 26. Nxf4
{[%clk 0:00:08]} Nxf3+ {[%clk 0:01:23]} 27. Qxf3 {[%clk 0:00:08]} Qxc3
{[%clk 0:01:24]} 28. Qe2 {[%clk 0:00:08]} Qd4+ {[%clk 0:01:23]} 29. Kg2
{[%clk 0:00:09]} Qxa4 {[%clk 0:01:11]} 30. h4 {[%clk 0:00:05]} Qc6+
{[%clk 0:01:12]} 31. Kh3 {[%clk 0:00:06]} Rde8 {[%clk 0:01:12]} 32. Qa2+
{[%clk 0:00:05]} Kh8 {[%clk 0:01:12]} 33. Rxe8 Rxe8 {[%clk 0:01:12]} 34. Qxa7
{[%clk 0:00:07]} b5 {[%clk 0:01:02]} 35. h5 {[%clk 0:00:08]} b4 {[%clk 0:01:01]}
36. Qf7 {[%clk 0:00:08]} Qc8+ {[%clk 0:00:46]} 37. Kg2 {[%clk 0:00:05]} Rf8
{[%clk 0:00:47]} 38. Qd5 {[%clk 0:00:04]} Qa8 {[%clk 0:00:48]} 0-1

[Event "Blitz 2018"]
[Site "Saint-Petersburg"]
[Date "2018.12.29"]
[Round "8"]
[Board "97"]
[White "Makarov Marat (RUS)"]
[Black "Zaitsev Alexander (RUS)"]
[Result "1/2-1/2"]
[BlackElo "2402"]
[WhiteElo "2505"]
[LiveChessVersion "1.4.8"]

1. d4 {[%clk 0:03:01]} Nf6 {[%clk 0:03:04]} 2. c4 {[%clk 0:03:01]} e6
{[%clk 0:03:05]} 3. Nc3 {[%clk 0:03:01]} Bb4 {[%clk 0:03:07]} 4. g3
{[%clk 0:02:58]} O-O {[%clk 0:02:42]} 5. Bg2 {[%clk 0:02:59]} d5 {[%clk 0:02:40]}
6. Nf3 {[%clk 0:03:00]} b6 {[%clk 0:02:09]} 7. O-O {[%clk 0:02:53]} Bb7
{[%clk 0:02:11]} 8. cxd5 {[%clk 0:02:52]} exd5 {[%clk 0:02:11]} 9. Ne5
{[%clk 0:02:48]} Re8 {[%clk 0:02:11]} 10. Bf4 {[%clk 0:02:42]} Bd6
{[%clk 0:01:45]} 11. Rc1 {[%clk 0:02:40]} a6 {[%clk 0:01:43]} 12. Nd3
{[%clk 0:02:36]} Ne4 {[%clk 0:01:35]} 13. Bxd6 {[%clk 0:02:29]} Qxd6
{[%clk 0:01:35]} 14. Nf4 {[%clk 0:02:21]} Nd7 {[%clk 0:01:28]} 15. Qd3
{[%clk 0:02:16]} Ndf6 {[%clk 0:01:28]} 16. e3 {[%clk 0:02:10]} Rac8
{[%clk 0:01:09]} 17. a3 {[%clk 0:02:04]} c5 {[%clk 0:00:56]} 18. dxc5
{[%clk 0:02:04]} Nxc5 {[%clk 0:00:28]} 19. Qf5 {[%clk 0:02:04]} g6
{[%clk 0:00:13]} 20. Qb1 {[%clk 0:01:59]} Qe5 {[%clk 0:00:09]} 21. Rcd1
{[%clk 0:01:57]} Rcd8 {[%clk 0:00:10]} 22. Nce2 {[%clk 0:01:51]} Nfe4
{[%clk 0:00:08]} 23. Nd4 {[%clk 0:01:52]} Ne6 {[%clk 0:00:08]} 24. Nfxe6
{[%clk 0:01:51]} fxe6 {[%clk 0:00:09]} 25. Qd3 {[%clk 0:01:44]} Nc5
{[%clk 0:00:10]} 26. Qd2 Qf6 27. f4 {[%clk 0:01:41]} e5 {[%clk 0:00:11]} 28. fxe5
{[%clk 0:01:41]} Qxe5 {[%clk 0:00:12]} 29. Rde1 a5 30. b4 {[%clk 0:00:17]} axb4
{[%clk 0:00:13]} 31. axb4 {[%clk 0:00:18]} Ne4 {[%clk 0:00:15]} 32. Qd3
{[%clk 0:00:19]} Nd6 {[%clk 0:00:16]} 33. Rf4 {[%clk 0:00:18]} b5
{[%clk 0:00:15]} 34. h4 {[%clk 0:00:18]} Nc4 {[%clk 0:00:17]} 35. Kh2
{[%clk 0:00:18]} Kg7 {[%clk 0:00:17]} 36. Nf3 {[%clk 0:00:18]} Qd6
{[%clk 0:00:15]} 37. Qd4+ {[%clk 0:00:20]} Kg8 {[%clk 0:00:14]} 38. Ng5
{[%clk 0:00:20]} Qe5 {[%clk 0:00:15]} 39. Qa7 {[%clk 0:00:20]} Re7
{[%clk 0:00:14]} 40. Qc5 {[%clk 0:00:20]} Rde8 {[%clk 0:00:13]} 41. Qxb5
{[%clk 0:00:20]} Nxe3 {[%clk 0:00:13]} 42. Kh1 {[%clk 0:00:14]} Qc3
{[%clk 0:00:07]} 43. Qe2 {[%clk 0:00:12]} Nxg2 {[%clk 0:00:07]} 44. Qxe7
{[%clk 0:00:10]} Qxe1+ {[%clk 0:00:08]} 45. Qxe1 {[%clk 0:00:10]} Nxe1
{[%clk 0:00:08]} 46. b5 {[%clk 0:00:10]} Nd3 {[%clk 0:00:09]} 47. Rd4
{[%clk 0:00:11]} Re2 {[%clk 0:00:07]} 48. Rxd3 {[%clk 0:00:12]} d4+
{[%clk 0:00:08]} 49. Kg1 {[%clk 0:00:13]} h6 {[%clk 0:00:07]} 50. Nh3
{[%clk 0:00:13]} Rb2 {[%clk 0:00:07]} 51. Rxd4 {[%clk 0:00:14]} Rxb5
{[%clk 0:00:08]} 52. Nf4 {[%clk 0:00:15]} g5 {[%clk 0:00:07]} 53. hxg5
{[%clk 0:00:15]} hxg5 {[%clk 0:00:08]} 54. Nh3 {[%clk 0:00:16]} Kf7
{[%clk 0:00:08]} 55. Nf2 {[%clk 0:00:17]} Rb1+ {[%clk 0:00:09]} 56. Kh2
{[%clk 0:00:18]} Rb2 {[%clk 0:00:11]} 57. Kg1 {[%clk 0:00:18]} Rb1+
{[%clk 0:00:12]} 58. Kh2 {[%clk 0:00:20]} Rb2 {[%clk 0:00:13]} 59. Kg1 1/2-1/2

[Event "Blitz 2018"]
[Site "Saint-Petersburg"]
[Date "2018.12.29"]
[Round "8"]
[Board "98"]
[White "Vlassov Nikolai (RUS)"]
[Black "Perdomo Carlos Andres (COL)"]
[Result "1-0"]
[BlackElo "2301"]
[WhiteElo "2438"]
[LiveChessVersion "1.4.8"]

1. e4 {[%clk 0:03:03]} e5 {[%clk 0:03:04]} 2. Bc4 {[%clk 0:03:04]} Nc6
{[%clk 0:02:49]} 3. f4 {[%clk 0:03:05]} exf4 {[%clk 0:02:02]} 4. d4
{[%clk 0:03:06]} Nf6 {[%clk 0:01:59]} 5. Nc3 {[%clk 0:03:04]} Bb4
{[%clk 0:01:50]} 6. Qd3 {[%clk 0:03:04]} d5 {[%clk 0:01:42]} 7. exd5
{[%clk 0:03:05]} Nxd5 {[%clk 0:01:41]} 8. Nge2 {[%clk 0:03:05]} Be6
{[%clk 0:01:34]} 9. O-O {[%clk 0:03:02]} Nxc3 {[%clk 0:01:30]} 10. bxc3
{[%clk 0:03:01]} Bxc4 {[%clk 0:01:28]} 11. Qxc4 {[%clk 0:03:01]} Bd6
{[%clk 0:01:29]} 12. Bxf4 {[%clk 0:02:59]} Bxf4 {[%clk 0:01:28]} 13. Rxf4
{[%clk 0:02:59]} O-O {[%clk 0:01:29]} 14. Raf1 {[%clk 0:03:00]} Qe7
{[%clk 0:01:28]} 15. Ng3 {[%clk 0:02:58]} Rad8 {[%clk 0:01:18]} 16. Nf5
{[%clk 0:02:57]} Qd7 {[%clk 0:01:13]} 17. Qb5 {[%clk 0:02:42]} b6
{[%clk 0:01:08]} 18. Qxc6 {[%clk 0:02:41]} 1-0

[Event "Blitz 2018"]
[Site "Saint-Petersburg"]
[Date "2018.12.29"]
[Round "8"]
[Board "99"]
[White "Masrahi Abdulrahman A (KSA)"]
[Black "Al Turky Fahad A (KSA)"]
[Result "1-0"]
[BlackElo "1851"]
[WhiteElo "1966"]
[LiveChessVersion "1.4.8"]

1. d4 {[%clk 0:01:52]} d5 {[%clk 0:02:57]} 2. Bf4 {[%clk 0:01:52]} c5 3. e3 Nc6
{[%clk 0:02:55]} 4. c3 {[%clk 0:01:55]} Nf6 {[%clk 0:02:42]} 5. Nd2
{[%clk 0:01:56]} e6 {[%clk 0:02:26]} 6. Ngf3 {[%clk 0:01:55]} h6 {[%clk 0:02:25]}
7. Bd3 {[%clk 0:01:50]} Bd6 {[%clk 0:02:25]} 8. Bg3 {[%clk 0:01:49]} Bxg3
{[%clk 0:02:24]} 9. hxg3 {[%clk 0:01:49]} Qd6 {[%clk 0:02:25]} 10. Qe2
{[%clk 0:01:45]} a6 {[%clk 0:02:15]} 11. Rd1 {[%clk 0:01:38]} b5 {[%clk 0:01:37]}
12. e4 {[%clk 0:01:35]} dxe4 {[%clk 0:01:32]} 13. Nxe4 {[%clk 0:01:35]} Nxe4
{[%clk 0:01:21]} 14. Bxe4 {[%clk 0:01:34]} Bb7 {[%clk 0:01:14]} 15. O-O
{[%clk 0:01:31]} O-O {[%clk 0:01:07]} 16. Qe3 {[%clk 0:01:32]} c4
{[%clk 0:00:40]} 17. Ne5 {[%clk 0:01:22]} Na5 {[%clk 0:00:28]} 18. a3
{[%clk 0:01:16]} Bxe4 {[%clk 0:00:25]} 19. Qxe4 {[%clk 0:01:16]} Nb3
{[%clk 0:00:16]} 20. f4 {[%clk 0:01:08]} Rac8 {[%clk 0:00:09]} 21. g4
{[%clk 0:00:56]} Qd5 {[%clk 0:00:10]} 22. Qxd5 {[%clk 0:00:51]} exd5
{[%clk 0:00:11]} 23. f5 {[%clk 0:00:46]} Rfe8 {[%clk 0:00:11]} 24. f6
{[%clk 0:00:46]} g6 {[%clk 0:00:11]} 25. Kf2 {[%clk 0:00:37]} Re6
{[%clk 0:00:10]} 26. Kg3 {[%clk 0:00:37]} Rce8 {[%clk 0:00:07]} 27. Rf2
{[%clk 0:00:33]} Na5 {[%clk 0:00:05]} 28. Kh4 {[%clk 0:00:24]} Nc6
{[%clk 0:00:05]} 29. Nxc6 {[%clk 0:00:22]} Rxc6 {[%clk 0:00:06]} 30. g5
{[%clk 0:00:22]} h5 {[%clk 0:00:08]} 31. Rdf1 {[%clk 0:00:13]} Rce6
{[%clk 0:00:09]} 32. g4 {[%clk 0:00:12]} Re4 {[%clk 0:00:10]} 33. Rf4
{[%clk 0:00:12]} hxg4 {[%clk 0:00:09]} 34. Kxg4 {[%clk 0:00:13]} Re2
{[%clk 0:00:06]} 35. R1f2 {[%clk 0:00:13]} R8e4 {[%clk 0:00:06]} 36. Rxe4
{[%clk 0:00:12]} Rxe4+ {[%clk 0:00:06]} 37. Kf3 {[%clk 0:00:12]} Kf8
{[%clk 0:00:05]} 38. Rh2 {[%clk 0:00:13]} Ke8 {[%clk 0:00:05]} 39. Rh8+
{[%clk 0:00:13]} Kd7 {[%clk 0:00:06]} 40. Rf8 {[%clk 0:00:13]} Ke6
{[%clk 0:00:05]} 41. Re8+ {[%clk 0:00:13]} Kf5 {[%clk 0:00:06]} 42. Re7
{[%clk 0:00:11]} Rf4+ {[%clk 0:00:06]} 43. Kg3 {[%clk 0:00:11]} Rg4+
{[%clk 0:00:07]} 44. Kf3 {[%clk 0:00:12]} Rxg5 {[%clk 0:00:08]} 45. Rxf7
{[%clk 0:00:13]} Rg4 {[%clk 0:00:07]} 46. Ra7 {[%clk 0:00:12]} Rf4+
{[%clk 0:00:07]} 47. Kg3 {[%clk 0:00:12]} Rg4+ {[%clk 0:00:06]} 48. Kf3
{[%clk 0:00:12]} Rf4+ {[%clk 0:00:07]} 49. Ke3 {[%clk 0:00:11]} Re4+
{[%clk 0:00:08]} 50. Kf3 {[%clk 0:00:09]} Kxf6 51. Rxa6+ {[%clk 0:00:09]} Kf5
{[%clk 0:00:10]} 52. Rb6 {[%clk 0:00:09]} g5 {[%clk 0:00:06]} 53. Rxb5
{[%clk 0:00:11]} g4+ {[%clk 0:00:07]} 54. Kg2 {[%clk 0:01:10]} Kf4
{[%clk 0:00:04]} 55. Rb8 {[%clk 0:01:11]} Re2+ {[%clk 0:00:05]} 56. Kf1
{[%clk 0:01:11]} Rc2 {[%clk 0:00:05]} 57. Re8 {[%clk 0:01:08]} Rxb2
{[%clk 0:00:04]} 58. a4 {[%clk 0:01:00]} Rc2 {[%clk 0:00:04]} 59. Re5
{[%clk 0:00:53]} Rxc3 {[%clk 0:00:04]} 60. Rxd5 {[%clk 0:00:54]} Ra3
{[%clk 0:00:03]} 61. a5 {[%clk 0:00:52]} Ke4 {[%clk 0:00:03]} 62. Rg5
{[%clk 0:00:32]} Kxd4 {[%clk 0:00:04]} 63. Rxg4+ {[%clk 0:00:33]} Kd3
{[%clk 0:00:05]} 64. Rg3+ {[%clk 0:00:33]} Kc2 {[%clk 0:00:06]} 65. Rxa3
{[%clk 0:00:34]} c3 66. Rxc3+ 1-0

[Event "Blitz 2018"]
[Site "Saint-Petersburg"]
[Date "2018.12.29"]
[Round "8"]
[Board "100"]
[White "Khayat Abdullah F (KSA)"]
[Black "Al Thebaiti Ahmed M (KSA)"]
[Result "0-1"]
[BlackElo "1976"]
[WhiteElo "1709"]
[LiveChessVersion "1.4.8"]

1. Nf3 {[%clk 0:03:03]} d5 {[%clk 0:03:03]} 2. d4 {[%clk 0:03:03]} Nf6
{[%clk 0:03:04]} 3. g3 {[%clk 0:03:04]} Bg4 {[%clk 0:03:05]} 4. Bg2
{[%clk 0:03:04]} e6 {[%clk 0:03:07]} 5. O-O {[%clk 0:03:03]} Be7 {[%clk 0:03:08]}
6. c3 {[%clk 0:03:04]} O-O {[%clk 0:03:08]} 7. Nbd2 {[%clk 0:03:03]} c6
{[%clk 0:03:09]} 8. Re1 {[%clk 0:03:04]} Nbd7 {[%clk 0:03:07]} 9. Nf1
{[%clk 0:03:04]} c5 {[%clk 0:02:59]} 10. Qc2 {[%clk 0:03:03]} Rc8
{[%clk 0:02:59]} 11. Qa4 {[%clk 0:02:36]} Qb6 {[%clk 0:02:46]} 12. e3
{[%clk 0:02:18]} Qc6 {[%clk 0:02:34]} 13. Qc2 {[%clk 0:01:56]} Bf5
{[%clk 0:02:27]} 14. Qd1 {[%clk 0:01:48]} b5 {[%clk 0:02:10]} 15. Nh4
{[%clk 0:01:48]} Bg4 {[%clk 0:02:05]} 16. f3 {[%clk 0:01:44]} Bh5
{[%clk 0:02:07]} 17. g4 {[%clk 0:01:41]} Ne8 {[%clk 0:02:02]} 18. gxh5
{[%clk 0:01:12]} Bxh4 {[%clk 0:02:03]} 19. Re2 {[%clk 0:01:12]} f5
{[%clk 0:01:53]} 20. f4 {[%clk 0:01:06]} Ndf6 {[%clk 0:01:45]} 21. Ng3
{[%clk 0:00:56]} Nd6 {[%clk 0:01:43]} 22. h6 {[%clk 0:00:42]} gxh6
{[%clk 0:01:41]} 23. b4 {[%clk 0:00:34]} cxb4 {[%clk 0:01:35]} 24. cxb4
{[%clk 0:00:33]} Bxg3 {[%clk 0:01:28]} 25. hxg3 {[%clk 0:00:33]} Nfe4
{[%clk 0:01:29]} 26. Qe1 {[%clk 0:00:23]} Nc4 {[%clk 0:01:12]} 27. Bxe4
{[%clk 0:00:18]} dxe4 {[%clk 0:01:09]} 28. Kf2 {[%clk 0:00:12]} Rf6
{[%clk 0:01:01]} 29. Qh1 {[%clk 0:00:12]} Kf7 {[%clk 0:01:01]} 30. Qh5+
{[%clk 0:00:11]} Ke7 {[%clk 0:01:02]} 31. Rc2 {[%clk 0:00:05]} Qe8
{[%clk 0:00:59]} 32. Qh1 {[%clk 0:00:04]} Qg6 {[%clk 0:00:56]} 33. Bd2
{[%clk 0:00:05]} Rg8 {[%clk 0:00:56]} 34. Qg2 {[%clk 0:00:05]} Rf7
{[%clk 0:00:45]} 35. Rac1 {[%clk 0:00:05]} Rfg7 {[%clk 0:00:46]} 36. a4
{[%clk 0:00:05]} a6 {[%clk 0:00:47]} 37. axb5 axb5 38. Ra1 {[%clk 0:00:04]} Qxg3+
{[%clk 0:00:46]} 39. Qxg3 {[%clk 0:00:05]} Rxg3 {[%clk 0:00:46]} 40. Ra7+
{[%clk 0:00:06]} Kf6 {[%clk 0:00:46]} 41. Rca2 {[%clk 0:00:05]} Rg2+
{[%clk 0:00:47]} 42. Ke1 {[%clk 0:00:06]} Rg1+ {[%clk 0:00:47]} 43. Ke2
{[%clk 0:00:07]} R8g2# {[%clk 0:00:48]} 0-1